| 000 | 00415nam a2200145Ia 4500 | ||
|---|---|---|---|
| 008 | 220204s9999 xx 000 0 und d | ||
| 082 |
_a576.32/.36 _bPAP |
||
| 100 | _aPAPACONSTANTINOO, John | ||
| 245 | 0 | _aMolecular control of proliferation and differentiation | |
| 260 |
_aNew York _bAcademic _c1978 |
||
| 650 | _aBlood cell | ||
| 650 | _aNerve cell differentiation | ||
| 700 | _aRUTTER, William J | ||
| 942 | _cBK | ||
| 999 |
_c33371 _d33371 |
||